| 000 | 00566nam a2200241Ia 4500 | ||
|---|---|---|---|
| 008 | 210210b2011 xxu||||| |||| 00| 0 eng d | ||
| 020 | _a9781851685561 | ||
| 041 | _aeng | ||
| 082 | _a305.4 BADF | ||
| 100 | _aBADRAN (Margot) | ||
| 245 | _aFeminism in Islam: secular and religious convergences | ||
| 260 |
_aUSA _bOneworld _c2011 |
||
| 300 | _aix,349 | ||
| 650 | _asecular | ||
| 650 | _areligious | ||
| 650 | _aIslam: | ||
| 650 | _ain | ||
| 650 | _aFeminism | ||
| 650 | _aconvergences | ||
| 650 | _aand | ||
| 690 | _aWomen Studies | ||
| 906 | _a066198 | ||
| 999 |
_c146636 _d146636 |
||